000 00707nam a2200205 i 4500
001 81324
003 ES-MaACL
005 20251012202800.0
007 t|
008 041104s1921 sp ||||1| spa d
100 1 _aHuertas y Barrero, Francisco.
_964578
245 1 3 _aLa diabetes sacarina /
_cFrancisco Huertas y Barrero ; con prólogo de Simón Hergueta y un apéndice sobre régimen de los diabéticos por Lorand (de Carlsbad).
260 _aMadrid :
_b[s.n.],
_c1921 (
_fTip. Moderna)
300 _a97 p. ;
_c19 cm.
650 4 _aDiabetes.
_9135922
700 1 _aHergueta y Martín, Simón,
_d1852-1930
_962714
700 1 _aLorand.
_974063
852 _aES-MaACL
_jB-11666
999 _c81324
_d81324